000 01371namaa2200325 i 4500
003 EG-GICUC
005 20260503155104.0
008 260503m19821986sy |||jr|||| 000 0 ara d
040 _aEG-GiCUC
_bara
_cEG-GiCUC
_dEG-GiCUC
_erda
082 0 4 _221
_a810.9
_bB2996
092 0 4 _221
_a810.9
_bB2996
099 _a810.9 B2996 1982
100 1 _aباشا، عمر موسى
_eمؤلف.
245 1 2 _aالأدب العربى فى العصر المملوكى والعصر العثمانى/
_cالدكتور عمر موسى باشا.
246 3 5 _aLa littérature ِArabe à l'époque des mameloukes et à l'époque des ottomans
250 _aالطبعة الثانية
264 _aدمشق (سوريا) :
_bجامعة دمشق،
_c1982-1986.
300 _aمجلد 2
_b؛
_c24 سم
336 _2rdacontent
_atext
337 _2rdamedia
_aUnmediated
338 _2rdacarrier
_avolume
504 _aيشتمل على ارجاعات ببليوجرافية.
541 _aد. جابر عصفور ؛
_bالقاهرة ؛
_cإهداء ؛
_d2024.
650 1 7 _aالادب العربى
_xتاريخ ونقد
_2qrmak
650 1 7 _aالادب العربى
_xتاريخ ونقد
_yالعصر المملوكى
_2qrmak
650 1 7 _aالادب العربى
_xتاريخ ونقد
_yالعصر العثمانى
_2qrmak
651 1 _2qrmak
905 _aAya
942 _2ddc
_cBK
_e21
_n0
999 _c179939
_d179939